Top 40 Länder nach Einwohner - Statistiken

Allgemein
  • Dieses Quiz wurde 92 mal gespielt
  • Das Durchschnittsergebnis liegt bei 33 aus 40
Antwortstatistiken
Anzahl Einwohner (2022) Länder % Korrekt
1'436'600'000 China
100%
1'417'200'000 Indien
100%
332'800'000 Vereinigte Staaten
100%
124'900'000 Japan
99%
83'300'000 Deutschland
97%
65'800'000 Frankreich
97%
127'500'000 Mexiko
97%
144'300'000 Russland
97%
214'800'000 Brasilien
96%
47'400'000 Spanien
94%
275'500'000 Indonesien
92%
218'500'000 Nigeria
92%
235'800'000 Pakistan
92%
46'200'000 Argentinien
90%
58'900'000 Italien
90%
51'600'000 Südkorea
90%
85'200'000 Türkei
90%
103'500'000 Ägypten
87%
38'800'000 Kanada
87%
38'000'000 Polen
86%
67'600'000 Grossbritannien
85%
66'800'000 Thailand
83%
41'000'000 Ukraine
83%
171'200'000 Bangladesch
82%
88'600'000 Iran
82%
49'100'000 Kolumbien
82%
60'600'000 Südafrika
82%
99'400'000 Vietnam
82%
99'000'000 Demokratische Republik Kongo
78%
115'600'000 Philippinen
76%
44'900'000 Algerien
71%
44'500'000 Irak
71%
54'000'000 Kenia
71%
123'400'000 Äthiopien
69%
46'900'000 Sudan
67%
41'100'000 Afghanistan
65%
36'700'000 Marokko
65%
65'500'000 Tansania
62%
54'200'000 Myanmar
54%
47'200'000 Uganda
29%
Keine übereinstimmenden Quizze gefunden
Verteilung der Resultate
Anzahl Personen mit jedem Resultat
Perzentil nach korrekt beantworteten Fragen
Ihre Resultats-Entwicklung
Sie haben dieses Quiz noch nicht gespielt